Communication in history : (Record no. 9050)
[ view plain ]
| 000 -LEADER | |
|---|---|
| fixed length control field | 00725cam a22002292 4500 |
| 001 - CONTROL NUMBER | |
| control field | 0000019698 |
| 005 - DATE AND TIME OF LATEST TRANSACTION | |
| control field | 20151217152200.0 |
| 008 - FIXED-LENGTH DATA ELEMENTS--GENERAL INFORMATION | |
| fixed length control field | 110120s xx 000 0 eng d |
| 020 ## - INTERNATIONAL STANDARD BOOK NUMBER | |
| International Standard Book Number | 0205693091 : |
| 040 ## - CATALOGING SOURCE | |
| Original cataloging agency | KABU |
| Transcribing agency | KABU |
| 245 10 - TITLE STATEMENT | |
| Title | Communication in history : |
| Remainder of title | Technology, culture, society / |
| Statement of responsibility, etc. | [ edited by]David Crowley and Paul Heyer. |
| 250 ## - EDITION STATEMENT | |
| Edition statement | 6th ed. |
| 260 ## - PUBLICATION, DISTRIBUTION, ETC. (IMPRINT) | |
| Place of publication, distribution, etc. | Buston : |
| Name of publisher, distributor, etc. | Allyn & Bacon, |
| Date of publication, distribution, etc. | 2011. |
| 300 ## - PHYSICAL DESCRIPTION | |
| Extent | xiv, 322p. |
| 650 #0 - SUBJECT ADDED ENTRY--TOPICAL TERM | |
| Topical term or geographic name as entry element | Communication |
| General subdivision | History. |
| -- | 0000179603 |
| 650 #0 - SUBJECT ADDED ENTRY--TOPICAL TERM | |
| Topical term or geographic name as entry element | Mass media |
| General subdivision | History. |
| -- | 0000179604 |
| 700 1# - ADDED ENTRY--PERSONAL NAME | |
| Personal name | Heyer, Paul. |
| -- | 0000179605 |
| 700 1# - ADDED ENTRY--PERSONAL NAME | |
| Personal name | Crowley, David. |
| -- | 0000179606 |
| 852 1# - LOCATION | |
| -- | p9630 KES |
| 908 ## - PUT COMMAND PARAMETER (RLIN) | |
| Put command parameter | 110120 |
| 950 ## - LOCAL HOLDINGS (RLIN) | |
| -- | 1 |
| Withdrawn status | Lost status | Source of classification or shelving scheme | Not for loan | Home library | Current library | Date acquired | Total Checkouts | Full call number | Barcode | Date last seen | Price effective from | Koha item type |
|---|---|---|---|---|---|---|---|---|---|---|---|---|
| Library of Congress Classification | Kabarak, Main Campus | Kabarak, Main Campus | 17/12/2015 | P90 .C66 2011 c.1 | 22776 | 17/12/2015 | 17/12/2015 | General Collection |